Sports Quiz

Random Sports Quiz

Pitchers to Win the MVP Award Quiz Stats

 Plays Quiz not verified by Sporcle

Score 0/20 Timer 06:00
0 Plays Today
Year Player % Correct
1986Roger Clemens
96.1%
1968Bob Gibson
88.2%
1992Dennis Eckersley
88.2%
1963Sandy Koufax
86.3%
1971Vida Blue
68.6%
1981Rollie Fingers
66.7%
1968Denny McLain
58.8%
1984Willie Hernandez
58.8%
1956Don Newcombe
54.9%
1944Hal Newhouser
52.9%
Year Player % Correct
1945Hal Newhouser
52.9%
1934Dizzy Dean
49%
1931Lefty Grove
47.1%
1933Carl Hubbell
47.1%
1936Carl Hubbell
47.1%
1943Spud Chandler
21.6%
1942Mort Cooper
15.7%
1939Bucky Walters
13.7%
1952Bobby Shantz
13.7%
1950Jim Konstany
7.8%

You're not logged in!

Compare scores with friends on all Sporcle quizzes.
OR
Log In

Show Comments

Extras

Created Dec 2, 2010ReportNominate
Tags:award, league, mvp, pitchers, player, win

Top Quizzes Today


Score Distribution

Your Account Isn't Verified!

In order to create a playlist on Sporcle, you need to verify the email address you used during registration. Go to your Sporcle Settings to finish the process.

Report this User

Report this user for behavior that violates our Community Guidelines.

Details: